[Event "World ol U16"]
[Site "Nakhchivan"]
[Date "2022.10.03"]
[Round "2.15"]
[White "Israilov, Agil"]
[Black "Nwedo, Khodani"]
[Result "1-0"]
[WhiteElo "1883"]
[BlackElo "1356"]
[PlyCount "53"]
[EventDate "2022.10.02"]
[EventType "team-swiss"]
[EventRounds "9"]
[EventCountry "AZE"]
[SourceTitle "CBM 210 Extra"]
[Source "ChessBase"]
[SourceDate "2022.11.30"]
[SourceVersion "1"]
[SourceVersionDate "2022.11.30"]
[SourceQuality "1"]
[WhiteTeam "Azerbaijan IV"]
[BlackTeam "South Africa II"]
[WhiteTeamCountry "AZE"]
[BlackTeamCountry "RSA"]

1. e4 c5 2. Nf3 d6 3. d4 cxd4 4. Nxd4 Nf6 5. Nc3 g6 6. Be3 Bg7 7. f3 0-0 8. Qd2 Nc6 9. g4 Be6 10. Nxe6 fxe6 11. 0-0-0 Ne5 12. Be2 Qa5 13. g5 Nfd7 14. f4 Nc6 15. e5 d5 16. Bg4 Kf7 17. Qg2 Nb6 18. Qh3 Nd8 19. f5 exf5 20. Bxf5 gxf5 21. Qxh7 Rh8 22. Qxf5+ Kg8 23. Qg6 Nc6 24. Qe6+ Kf8 25. Rhf1+ Ke8 26. Qf7+ Kd7 27. Bxb6 1-0

[Event "World ol U16"]
[Site "Nakhchivan"]
[Date "2022.10.02"]
[Round "1.6"]
[White "Kairbekova, Amina"]
[Black "Israilov, Agil"]
[Result "0-1"]
[WhiteElo "2305"]
[BlackElo "1883"]
[PlyCount "68"]
[EventDate "2022.10.02"]
[EventType "team-swiss"]
[EventRounds "9"]
[EventCountry "AZE"]
[SourceTitle "CBM 210 Extra"]
[Source "ChessBase"]
[SourceDate "2022.11.30"]
[SourceVersion "1"]
[SourceVersionDate "2022.11.30"]
[SourceQuality "1"]
[WhiteTeam "Kazakhstan"]
[BlackTeam "Azerbaijan IV"]
[WhiteTeamCountry "KAZ"]
[BlackTeamCountry "AZE"]

1. e4 c5 2. Nf3 e6 3. d4 cxd4 4. Nxd4 a6 5. Nc3 b5 6. a3 Bb7 7. Be3 Qc7 8. Be2 Nf6 9. f3 Be7 10. 0-0 0-0 11. Qe1 d5 12. exd5 Nxd5 13. Nxd5 Bxd5 14. a4 b4 15. Qg3 Bd6 16. Qh4 Nd7 17. Bd3 f5 18. Nb3 Ne5 19. Rac1 Ng6 20. Qd4 Bxh2+ 21. Kh1 Be5 22. Qxb4 Rab8 23. Qd2 Bxb2 24. Rb1 Bc3 25. Qf2 Rb4 26. Kg1 Be5 27. Rfc1 Bh2+ 28. Kf1 Bg3 29. Qd2 Rh4 30. Nd4 Rh1+ 31. Ke2 Nf4+ 32. Bxf4 Bxf4 33. Rxh1 Bxd2 34. Kxd2 Qf4+ 0-1

[Event "Wch U10"]
[Site "Batumi"]
[Date "2016.10.29"]
[Round "10"]
[White "Tal Shahar, Liam"]
[Black "Israilov, Agil"]
[Result "0-1"]
[WhiteElo "1560"]
[BlackElo "1475"]
[PlyCount "50"]
[EventDate "2016.10.19"]
[EventType "swiss"]
[EventRounds "11"]
[EventCountry "GEO"]
[SourceTitle "EXT 2018"]
[Source "ChessBase"]
[SourceDate "2017.10.13"]
[SourceVersion "1"]
[SourceVersionDate "2017.10.13"]
[SourceQuality "1"]

1. e4 c5 2. d4 cxd4 3. c3 dxc3 4. Nxc3 Nc6 5. Bc4 e6 6. Nf3 d6 7. 0-0 Nf6 8. Qe2 Be7 9. Rd1 0-0 10. Bf4 Qb6 11. Bxd6 Bxd6 12. Rxd6 e5 13. Rad1 Bg4 14. R1d2 Ne8 15. R6d5 Nd4 16. Qd1 Bxf3 17. gxf3 Qc7 18. Be2 Nf6 19. Nb5 Qe7 20. Nxd4 Nxd5 21. Nf5 Qg5+ 22. Kh1 Nf4 23. Bf1 Rad8 24. Rd7 Rxd7 25. Qxd7 Qd8 0-1

[Event "Wch U10"]
[Site "Batumi"]
[Date "2016.10.19"]
[Round "1"]
[White "Israilov, Agil"]
[Black "Wagner, Leopold Franziskus"]
[Result "1/2-1/2"]
[WhiteElo "1475"]
[BlackElo "1997"]
[PlyCount "33"]
[EventDate "2016.10.19"]
[EventType "swiss"]
[EventRounds "11"]
[EventCountry "GEO"]
[SourceTitle "CBM 175 Extra"]
[Source "ChessBase"]
[SourceDate "2016.12.12"]
[SourceVersion "1"]
[SourceVersionDate "2016.12.12"]
[SourceQuality "1"]

1. e4 e6 2. d4 d5 3. Nc3 dxe4 4. Nxe4 Nd7 5. Nf3 Ngf6 6. Nxf6+ Nxf6 7. Bd3 Bd6 8. Qe2 c6 9. Bg5 Bd7 10. Ne5 Qc7 11. Bxf6 gxf6 12. Ng4 Be7 13. Qf3 f5 14. Ne5 Bd6 15. Nxd7 Qxd7 16. 0-0-0 0-0-0 17. Bc4 1/2-1/2